[Event "Ruhrgebiet Verbandsklasse Gruppe 2 1819"]
[Site "Nordrheinwestfalen"]
[Date "2019.03.24"]
[Round "8.3"]
[White "Kirsch, Paul"]
[Black "Traunecker, Thomas"]
[Result "1/2-1/2"]
[WhiteElo "1929"]
[BlackElo "1846"]
[PlyCount "20"]
[EventDate "2018.09.23"]
[EventType "team-tourn"]
[EventRounds "9"]
[EventCountry "GER"]
[SourceTitle "EXT 2022"]
[Source "ChessBase"]
[SourceDate "2021.10.06"]
[SourceVersion "1"]
[SourceVersionDate "2021.10.06"]
[SourceQuality "1"]
[WhiteTeam "Steele/Kray Rochade"]
[BlackTeam "Kamen SV II"]
[WhiteTeamCountry "GER"]
[BlackTeamCountry "GER"]

1. d4 g6 2. g3 Bg7 3. Bg2 d6 4. Nf3 Nf6 5. 0-0 0-0 6. c4 c6 7. Nc3 Nbd7 8. e4 Qc7 9. Re1 e5 10. d5 a5 1/2-1/2

[Event "Ruhrgebiet Verbandsklasse Gruppe 2 1819"]
[Site "Nordrheinwestfalen"]
[Date "2018.11.04"]
[Round "3.4"]
[White "Traunecker, Thomas"]
[Black "Brendemuehl, Bernd"]
[Result "0-1"]
[WhiteElo "1871"]
[BlackElo "1886"]
[PlyCount "128"]
[EventDate "2018.09.23"]
[EventType "team-tourn"]
[EventRounds "9"]
[EventCountry "GER"]
[SourceTitle "EXT 2022"]
[Source "ChessBase"]
[SourceDate "2021.10.06"]
[SourceVersion "1"]
[SourceVersionDate "2021.10.06"]
[SourceQuality "1"]
[WhiteTeam "Kamen SV II"]
[BlackTeam "Dortmund FS"]
[WhiteTeamCountry "GER"]
[BlackTeamCountry "GER"]

1. e4 c5 2. Nf3 d6 3. Bb5+ Bd7 4. c4 Nc6 5. 0-0 Nf6 6. Nc3 g6 7. Re1 Bg7 8. d4 cxd4 9. Nxd4 0-0 10. Nc2 Rc8 11. Ne3 a6 12. Bxc6 Bxc6 13. f3 b5 14. cxb5 axb5 15. Qb3 Qd7 16. Kh1 Qb7 17. Ned5 e6 18. Nb4 Rb8 19. Bf4 Rfd8 20. Rad1 Ne8 21. Bg3 Bf6 22. Nxc6 Qxc6 23. e5 dxe5 24. Rxd8 Rxd8 25. Nxb5 Rb8 26. a4 Nd6 27. Qe3 Nxb5 28. Rc1 Qd5 29. axb5 Qxb5 30. Re1 Qxb2 31. h4 Rb4 32. Kh2 Qd4 33. Qh6 Qd8 34. h5 Bg7 35. Qc1 gxh5 36. Rd1 Rd4 37. Re1 Rd2 38. Re4 Bf6 39. Qe1 Rd1 40. Qe2 Qd3 41. Qf2 Qb1 42. Kh3 Rf1 43. Qd2 Rh1+ 44. Bh2 Qg1 45. g4 h4 46. Qg2 Qxg2+ 47. Kxg2 Rd1 48. Bxe5 Bxe5 49. Rxe5 Rd2+ 50. Kh3 Rd3 51. Kg2 h3+ 52. Kg3 h2 53. Rg5+ Kh8 54. Rh5 Rd2 55. Kf4 Re2 56. Rh3 f6 57. g5 fxg5+ 58. Kxg5 Kg7 59. Kf4 Rg2 60. Ke4 Kg6 61. Kf4 h5 62. Rh4 Re2 63. Kg3 e5 64. f4 e4 0-1

[Event "Ruhrgebiet Verbandsliga Gruppe 1 1718"]
[Site "Germany"]
[Date "2018.04.29"]
[Round "9.4"]
[White "Traunecker, Thomas"]
[Black "Wloka, Sebastian"]
[Result "1/2-1/2"]
[WhiteElo "1871"]
[BlackElo "1884"]
[PlyCount "56"]
[EventDate "2017.09.17"]
[EventType "team-tourn"]
[EventRounds "9"]
[EventCountry "GER"]
[SourceTitle "EXT 2022"]
[Source "ChessBase"]
[SourceDate "2021.10.06"]
[SourceVersion "1"]
[SourceVersionDate "2021.10.06"]
[SourceQuality "1"]
[WhiteTeam "Kamen SV II"]
[BlackTeam "Eichlinghofen SV"]
[WhiteTeamCountry "GER"]
[BlackTeamCountry "GER"]

1. c4 e6 2. g3 d5 3. Bg2 Nf6 4. Nf3 c6 5. Qc2 Nbd7 6. 0-0 e5 7. cxd5 cxd5 8. d4 e4 9. Ne5 Bd6 10. Nxd7 Bxd7 11. Nc3 0-0 12. Bg5 Bc6 13. Rfd1 Be7 14. Rac1 h6 15. Bxf6 Bxf6 16. b4 a6 17. Qb3 Qd7 18. a4 b5 19. axb5 axb5 20. e3 Ra6 21. Ra1 Rfa8 22. Rxa6 Rxa6 23. Bf1 Be7 24. Rb1 g5 25. Be2 Kg7 26. Qb2 f5 27. Qc1 Bd6 28. Qd1 Rb6 1/2-1/2

[Event "Ruhrgebiet Verbandsliga Gruppe 1 1718"]
[Site "Germany"]
[Date "2018.01.14"]
[Round "5.4"]
[White "Traunecker, Thomas"]
[Black "Nowak, Steven"]
[Result "1/2-1/2"]
[WhiteElo "1872"]
[BlackElo "1952"]
[PlyCount "35"]
[EventDate "2017.09.17"]
[EventType "team-tourn"]
[EventRounds "9"]
[EventCountry "GER"]
[SourceTitle "EXT 2022"]
[Source "ChessBase"]
[SourceDate "2021.10.06"]
[SourceVersion "1"]
[SourceVersionDate "2021.10.06"]
[SourceQuality "1"]
[WhiteTeam "Kamen SV II"]
[BlackTeam "Bottrop SV"]
[WhiteTeamCountry "GER"]
[BlackTeamCountry "GER"]

1. d4 g6 2. Nf3 Bg7 3. g3 d6 4. Bg2 Nf6 5. 0-0 0-0 6. c4 c6 7. Nc3 Nbd7 8. h3 Qc7 9. Be3 h6 10. Rc1 e5 11. b4 Nh5 12. Qd2 Kh7 13. g4 Nhf6 14. dxe5 dxe5 15. g5 hxg5 16. Nxg5+ Kg8 17. Rfd1 Nb6 18. Nce4 1/2-1/2

[Event "NRW Class2 1617"]
[Site "Germany"]
[Date "2016.09.25"]
[Round "1.8"]
[White "Selten, Jan"]
[Black "Traunecker, Thomas"]
[Result "1/2-1/2"]
[WhiteElo "2108"]
[BlackElo "2028"]
[PlyCount "51"]
[EventDate "2016.09.25"]
[EventType "team-tourn"]
[EventRounds "9"]
[EventCountry "GER"]
[SourceTitle "EXT 2023"]
[Source "ChessBase"]
[SourceDate "2022.10.05"]
[SourceVersion "1"]
[SourceVersionDate "2022.10.05"]
[SourceQuality "1"]
[WhiteTeam "Gerresheim"]
[BlackTeam "Kamen SV"]
[WhiteTeamCountry "GER"]
[BlackTeamCountry "GER"]

1. e4 c5 2. Nf3 Nf6 3. Nc3 Nc6 4. d4 d5 5. exd5 Nxd5 6. Bb5 Nxc3 7. bxc3 a6 8. Bxc6+ bxc6 9. 0-0 Bg4 10. h3 Bxf3 11. Qxf3 Qd5 12. Qe2 e6 13. Rb1 Be7 14. Rb7 Bf6 15. Ba3 0-0 16. Bxc5 Rfe8 17. c4 Qf5 18. Rc7 Qf4 19. Rxc6 Bxd4 20. Bxd4 Qxd4 21. Qd3 Qe5 22. Rd1 Qa5 23. a3 Rad8 24. Rd6 Ra8 25. Rb1 h6 26. Rb7 1/2-1/2

[Event "NRW Verbandsklasse Group3 1314"]
[Site "Nordrheinwestfalen"]
[Date "2014.01.26"]
[Round "6.2"]
[White "Traunecker, Thomas"]
[Black "Kindermann, Carsten"]
[Result "1-0"]
[WhiteElo "1939"]
[BlackElo "1929"]
[PlyCount "63"]
[EventDate "2013.09.08"]
[EventType "team-tourn"]
[EventRounds "9"]
[EventCountry "GER"]
[SourceTitle "EXT 2020"]
[Source "ChessBase"]
[SourceDate "2019.10.17"]
[SourceVersion "1"]
[SourceVersionDate "2019.10.17"]
[SourceQuality "1"]
[WhiteTeam "Kamen SV II"]
[BlackTeam "Weisse Dame Borbeck II"]
[WhiteTeamCountry "GER"]
[BlackTeamCountry "GER"]

1. d4 d5 2. Nf3 c6 3. c4 Nf6 4. Nc3 g6 5. Bg5 Bg7 6. e3 0-0 7. Be2 b6 8. Rc1 dxc4 9. Bxc4 Bb7 10. 0-0 h6 11. Bh4 Nbd7 12. Qc2 g5 13. Bg3 b5 14. Be2 Re8 15. Ne5 Nxe5 16. dxe5 Nd5 17. Ne4 Qb6 18. a3 Rad8 19. Nc5 Bc8 20. h3 a5 21. Nb3 Bd7 22. Nd4 Rc8 23. Qe4 e6 24. Bd3 f5 25. exf6 Nxf6 26. Qg6 Re7 27. Bb1 Be8 28. Qc2 Nd5 29. Bd6 Bf7 30. Qh7+ Kf8 31. Bc5 Qc7 32. Nxc6 1-0

[Event "Ruhrgebiet Regionalliga 1112"]
[Site "Nordrheinwestfalen"]
[Date "2012.02.19"]
[Round "7.7"]
[White "Lindner Emden, Carsten"]
[Black "Traunecker, Thomas"]
[Result "1-0"]
[WhiteElo "1956"]
[BlackElo "1986"]
[PlyCount "69"]
[EventDate "2011.09.25"]
[EventType "team-tourn"]
[EventRounds "9"]
[EventCountry "GER"]
[SourceTitle "EXT 2020"]
[Source "ChessBase"]
[SourceDate "2019.10.17"]
[SourceVersion "1"]
[SourceVersionDate "2019.10.17"]
[SourceQuality "1"]
[WhiteTeam "Hattingen"]
[BlackTeam "Kamen SV"]
[WhiteTeamCountry "GER"]
[BlackTeamCountry "GER"]

1. e4 g6 2. g3 d5 3. exd5 Qxd5 4. Nf3 Bg4 5. Bg2 Qe4+ 6. Kf1 Nc6 7. h3 Bxf3 8. Bxf3 Qd4 9. d3 Bg7 10. Nc3 Nf6 11. Bf4 Qd7 12. g4 0-0 13. g5 Ne8 14. Qd2 Nd6 15. Bg4 Nf5 16. Ne4 Ne5 17. Bxe5 Bxe5 18. c3 Rad8 19. d4 Qc6 20. Bf3 Qb6 21. Qe2 Bf4 22. h4 Kg7 23. Nc5 e5 24. Nd3 Rfe8 25. Nxe5 Rxe5 26. dxe5 Rd2 27. Qe1 Ne3+ 28. fxe3 Bxe3 29. Be2 Qe6 30. Qg3 Qc6 31. Rh2 Bb6 32. Qf4 Rxb2 33. Qf6+ Kg8 34. Qxc6 bxc6 35. Rh3 1-0

[Event "Ruhrgebiet Regionalliga 1112"]
[Site "Nordrheinwestfalen"]
[Date "2011.09.25"]
[Round "1.8"]
[White "Traunecker, Thomas"]
[Black "Nattermueller, Mathias"]
[Result "1-0"]
[WhiteElo "1986"]
[BlackElo "2005"]
[PlyCount "87"]
[EventDate "2011.09.25"]
[EventType "team-tourn"]
[EventRounds "9"]
[EventCountry "GER"]
[SourceTitle "EXT 2020"]
[Source "ChessBase"]
[SourceDate "2019.10.17"]
[SourceVersion "1"]
[SourceVersionDate "2019.10.17"]
[SourceQuality "1"]
[WhiteTeam "Kamen SV"]
[BlackTeam "Ahlen SV"]
[WhiteTeamCountry "GER"]
[BlackTeamCountry "GER"]

1. Nf3 f5 2. d4 Nf6 3. g3 g6 4. Bg2 Bg7 5. c4 0-0 6. Nc3 d6 7. 0-0 Qe8 8. Nd5 Na6 9. Nxf6+ Rxf6 10. Bf4 h6 11. h4 c6 12. Re1 Qf7 13. Rc1 Be6 14. b3 Qe8 15. Qd2 Kh7 16. Qa5 Rd8 17. b4 Bd7 18. b5 cxb5 19. cxb5 Bxb5 20. Rb1 Bc6 21. d5 Bd7 22. Rxb7 Nc5 23. Rxa7 e5 24. dxe6 Rxe6 25. Bxd6 Ne4 26. Bb4 Rc8 27. Qd5 Bc6 28. Qd4 Nf6 29. Qb2 Rb8 30. a3 Nd7 31. Qd2 Kh8 32. Nd4 Ne5 33. Bxc6 Nxc6 34. Nxe6 Qxe6 35. Qd7 Qf6 36. Qc7 Re8 37. Ra6 Re6 38. Ra8+ Kh7 39. Qc8 Qf7 40. Rc1 f4 41. gxf4 g5 42. Rxc6 Rxe2 43. Rc7 Qxf4 44. Rxg7+ 1-0

[Event "Ruhrgebiet Regionalliga 1011"]
[Site "Nordrheinwestfalen"]
[Date "2011.04.03"]
[Round "8.7"]
[White "Guempges, Peter"]
[Black "Traunecker, Thomas"]
[Result "1-0"]
[WhiteElo "2135"]
[BlackElo "1998"]
[PlyCount "43"]
[EventDate "2010.09.19"]
[EventType "team-tourn"]
[EventRounds "9"]
[EventCountry "GER"]
[SourceTitle "EXT 2020"]
[Source "ChessBase"]
[SourceDate "2019.10.17"]
[SourceVersion "1"]
[SourceVersionDate "2019.10.17"]
[SourceQuality "1"]
[WhiteTeam "Weisse Dame Borbeck"]
[BlackTeam "Kamen SV"]
[WhiteTeamCountry "GER"]
[BlackTeamCountry "GER"]

1. e4 c5 2. Nc3 Nc6 3. Nf3 Nf6 4. d4 d5 5. exd5 Nxd5 6. Bb5 Nxc3 7. bxc3 Qa5 8. Qd3 a6 9. Bxc6+ bxc6 10. 0-0 e6 11. Re1 Be7 12. Ne5 Bf6 13. Nc4 Qd8 14. Ba3 Be7 15. Ne5 Bb7 16. Rab1 Qc7 17. Qg3 g5 18. Nxf7 Qxg3 19. fxg3 Rf8 20. Rxb7 Rxf7 21. Rxe6 Kf8 22. Rexe7 1-0

[Event "Ruhrgebiet Regionalliga 1011"]
[Site "Nordrheinwestfalen"]
[Date "2011.02.13"]
[Round "6.7"]
[White "Klukas, Achim"]
[Black "Traunecker, Thomas"]
[Result "1-0"]
[WhiteElo "1956"]
[BlackElo "1998"]
[PlyCount "117"]
[EventDate "2010.09.19"]
[EventType "team-tourn"]
[EventRounds "9"]
[EventCountry "GER"]
[SourceTitle "EXT 2020"]
[Source "ChessBase"]
[SourceDate "2019.10.17"]
[SourceVersion "1"]
[SourceVersionDate "2019.10.17"]
[SourceQuality "1"]
[WhiteTeam "Koenigsspringer Hamm"]
[BlackTeam "Kamen SV"]
[WhiteTeamCountry "GER"]
[BlackTeamCountry "GER"]

1. c4 g6 2. Nc3 Bg7 3. g3 d6 4. Bg2 Nf6 5. Nf3 0-0 6. 0-0 Nbd7 7. Rb1 a5 8. a3 Ng4 9. d3 c6 10. Bd2 Qc7 11. b4 axb4 12. axb4 Nge5 13. Ne1 f5 14. b5 Nf6 15. bxc6 bxc6 16. Nb5 Qd7 17. Nd4 Ra6 18. Nec2 c5 19. Nb5 Nc6 20. Bc3 e5 21. Ne3 Nd4 22. Nd5 Ra2 23. e3 Ne2+ 24. Kh1 Nxc3 25. Nbxc3 Ra5 26. Rb6 Ne8 27. Qd2 Ra6 28. Rxa6 Bxa6 29. Ra1 Bc8 30. Ra8 Nf6 31. Qa2 Nxd5 32. Bxd5+ Kh8 33. Ra7 Qd8 34. Kg2 e4 35. Qd2 Qb6 36. Nb5 Ba6 37. dxe4 fxe4 38. Bxe4 Bxb5 39. Rb7 Qa6 40. Rxb5 Qa1 41. Rb7 Qe5 42. Bd5 g5 43. h3 Qa1 44. Re7 Bc3 45. Qc2 Bg7 46. Be4 Qf6 47. Rb7 h5 48. Qe2 g4 49. hxg4 h4 50. gxh4 Qxh4 51. f4 Re8 52. Qf3 Ra8 53. Qe2 Re8 54. Rb1 Qe7 55. Rh1+ Kg8 56. Bd5+ Kf8 57. Rh5 Bf6 58. Rf5 Qg7 59. g5 1-0

[Event "Ruhrgebiet Regionalliga 0910"]
[Site "Germany"]
[Date "2010.02.21"]
[Round "7.7"]
[White "Dewenter, Ulf"]
[Black "Traunecker, Thomas"]
[Result "1-0"]
[WhiteElo "2175"]
[BlackElo "2056"]
[PlyCount "101"]
[EventDate "2009.09.06"]
[EventType "team-tourn"]
[EventRounds "9"]
[EventCountry "GER"]
[SourceTitle "EXT 2011"]
[Source "ChessBase"]
[SourceDate "2010.11.26"]
[SourceVersion "1"]
[SourceVersionDate "2010.11.26"]
[SourceQuality "1"]
[WhiteTeam "Borbeck Weisse Dame"]
[BlackTeam "Kamen"]
[WhiteTeamCountry "GER"]
[BlackTeamCountry "GER"]

1. f4 g6 2. Nf3 Bg7 3. e4 d5 4. exd5 Qxd5 5. Nc3 Qa5 6. Bc4 Nh6 7. Qe2 Bg4 8. Rb1 0-0 9. Nd5 c6 10. b4 Qd8 11. Ne3 Bf5 12. 0-0 Nd7 13. Bb2 Nb6 14. Bxg7 Kxg7 15. Bb3 Qd6 16. Nxf5+ Nxf5 17. Qe5+ Qxe5 18. fxe5 Rad8 19. c3 Nd5 20. a4 f6 21. g4 Nh6 22. Nd4 Nc7 23. exf6+ Rxf6 24. g5 Rxf1+ 25. Rxf1 Nf5 26. Nxf5+ gxf5 27. Rxf5 Kg6 28. Re5 e6 29. d4 Rf8 30. Kg2 Kf7 31. Rf5+ Ke7 32. Rxf8 Kxf8 33. Kf3 Kf7 34. Kf4 Ne8 35. Ke5 Ng7 36. h4 Kg6 37. Bc2+ Kh5 38. Bxh7 Kxh4 39. Kf6 Nh5+ 40. Kxe6 Kxg5 41. Kd6 Nf6 42. Kc7 b5 43. Bc2 bxa4 44. Bxa4 Nd5+ 45. Kb7 Nxc3 46. Bxc6 Kf6 47. Kxa7 Ke6 48. d5+ Kd6 49. Ka6 Ne4 50. b5 Kc7 51. Ka7 1-0

[Event "Ruhrgebiet Regionalliga 0910"]
[Site "Germany"]
[Date "2009.12.13"]
[Round "4.8"]
[White "Pilat, Fabian"]
[Black "Traunecker, Thomas"]
[Result "0-1"]
[WhiteElo "1973"]
[BlackElo "2056"]
[PlyCount "80"]
[EventDate "2009.09.06"]
[EventType "team-tourn"]
[EventRounds "9"]
[EventCountry "GER"]
[SourceTitle "EXT 2011"]
[Source "ChessBase"]
[SourceDate "2010.11.26"]
[SourceVersion "1"]
[SourceVersionDate "2010.11.26"]
[SourceQuality "1"]
[WhiteTeam "Bochum SG III"]
[BlackTeam "Kamen"]
[WhiteTeamCountry "GER"]
[BlackTeamCountry "GER"]

1. e4 c5 2. Nc3 Nc6 3. f4 e6 4. Bc4 a6 5. a4 g6 6. Nf3 Nge7 7. d3 Bg7 8. 0-0 d5 9. Ba2 b5 10. Qe1 Nb4 11. Qf2 Nxa2 12. Rxa2 b4 13. Ne2 dxe4 14. dxe4 Bb7 15. Ng3 Rc8 16. f5 gxf5 17. exf5 Qd5 18. b3 Nxf5 19. Kh1 h5 20. Bb2 Bxb2 21. Rxb2 h4 22. Nxf5 Qxf5 23. h3 Rd8 24. Rbb1 Bxf3 25. Qxf3 Qxf3 26. Rxf3 Rd2 27. Rbf1 f5 28. c3 Rg8 29. cxb4 cxb4 30. Re1 Kd7 31. Rf4 a5 32. Rxh4 Rgxg2 33. Rh7+ Kd6 34. Rh6 Rh2+ 35. Kg1 Rdg2+ 36. Kf1 Rh1+ 37. Kxg2 Rxe1 38. Rh4 Re3 39. Rd4+ Ke5 40. Rc4 Rc3 0-1

[Event "Ruhrgebiet Regionalliga 0910"]
[Site "Germany"]
[Date "2009.09.27"]
[Round "2.6"]
[White "Voss, Wieland"]
[Black "Traunecker, Thomas"]
[Result "1/2-1/2"]
[WhiteElo "2238"]
[BlackElo "2056"]
[PlyCount "100"]
[EventDate "2009.09.06"]
[EventType "team-tourn"]
[EventRounds "9"]
[EventCountry "GER"]
[SourceTitle "EXT 2011"]
[Source "ChessBase"]
[SourceDate "2010.11.26"]
[SourceVersion "1"]
[SourceVersionDate "2010.11.26"]
[SourceQuality "1"]
[WhiteTeam "Wattenscheid III"]
[BlackTeam "Kamen"]
[WhiteTeamCountry "GER"]
[BlackTeamCountry "GER"]

1. e4 c5 2. Nc3 Nc6 3. g3 g6 4. Bg2 Bg7 5. d3 Rb8 6. Be3 d6 7. Qd2 b5 8. Nd1 Bd7 9. Ne2 h6 10. d4 cxd4 11. Nxd4 Ne5 12. b3 Ng4 13. 0-0 Nxe3 14. Nxe3 Nf6 15. c4 bxc4 16. Nxc4 0-0 17. Rac1 Rc8 18. e5 dxe5 19. Nxe5 Ne4 20. Qf4 Ng5 21. Nec6 Qe8 22. Rfe1 Bxc6 23. Nxc6 Ne6 24. Qb4 Bf6 25. Nxa7 Rxc1 26. Rxc1 Nd4 27. Qc4 Qd7 28. Nc6 e5 29. Nxd4 exd4 30. Be4 Kg7 31. a4 Qg4 32. Qd3 Re8 33. f3 Qg5 34. f4 Qa5 35. Kf2 Qh5 36. Kg2 Qa5 37. Rc2 Qe1 38. Re2 Qb4 39. Bd5 Rc8 40. Bc4 Rd8 41. Kf2 Qa3 42. Qd1 Qc5 43. Bd3 Qh5 44. Kg1 Rc8 45. Bc4 Qc5 46. Qd3 Qa5 47. Qf3 Qa7 48. Kg2 Qd7 49. Qd5 Qxd5+ 50. Bxd5 d3 1/2-1/2

[Event "CFriend AC-2005-Q-00006 email"]
[Site "Chessfriend.com"]
[Date "2005.07.22"]
[Round "1"]
[White "Keber, Ernst"]
[Black "Traunecker, Thomas"]
[Result "0-1"]
[WhiteElo "1840"]
[BlackElo "2319"]
[PlyCount "60"]
[EventDate "2005.??.??"]
[EventType "tourn (corr)"]
[EventRounds "6"]
[SourceTitle "Corr 2008"]
[Source "ChessBase"]
[SourceDate "2008.06.24"]
[SourceVersion "1"]
[SourceVersionDate "2008.06.24"]
[SourceQuality "1"]

1. e4 c5 2. Nf3 Nf6 3. e5 Nd5 4. Nc3 Nxc3 5. dxc3 Nc6 6. Bc4 Qc7 7. Bf4 e6 8. 0-0 h6 9. Re1 b6 10. Qe2 Bb7 11. Rad1 0-0-0 12. Bg3 Kb8 13. Qd2 g5 14. a4 Ne7 15. a5 bxa5 16. Qe2 Nf5 17. Bd3 Nxg3 18. hxg3 g4 19. Nh4 h5 20. Ra1 d5 21. exd6 Bxd6 22. Ra2 Qb6 23. Kh1 Bc7 24. Rea1 Qd6 25. Ra4 f5 26. Qe3 Rhf8 27. Rc4 Ba6 28. Rca4 c4 29. Bxc4 f4 30. Qxe6 Qxe6 0-1

[Event "CFriend AC-2005-Q-00006 email"]
[Site "Chessfriend.com"]
[Date "2005.07.22"]
[Round "1"]
[White "Kuhne, Detlev"]
[Black "Traunecker, Thomas"]
[Result "0-1"]
[WhiteElo "2409"]
[BlackElo "2319"]
[PlyCount "100"]
[EventDate "2005.??.??"]
[EventType "tourn (corr)"]
[EventRounds "6"]
[SourceTitle "Corr 2024"]
[Source "ChessBase"]
[SourceDate "2023.10.19"]
[SourceVersion "1"]
[SourceVersionDate "2023.10.19"]
[SourceQuality "1"]

1. e4 c5 2. Nf3 Nf6 3. e5 Nd5 4. c3 Nc6 5. Bc4 Nb6 6. Bb3 d5 7. exd6 Qxd6 8. 0-0 c4 9. Bc2 Bg4 10. Re1 Ne5 11. Rxe5 Bxf3 12. Qe1 Bd5 13. b3 e6 14. Ba3 Qc6 15. Bxf8 Kxf8 16. Rg5 f6 17. Rg3 h5 18. h4 g5 19. bxc4 Nxc4 20. d3 Ne5 21. c4 Bxg2 22. Qb4+ Kf7 23. Rxg2 Nf3+ 24. Kf1 Nxh4 25. Rg1 Nf3 26. Nc3 Rad8 27. Ne4 g4 28. Rb1 b6 29. Qc3 e5 30. c5 Kg6 31. Rg3 Nd4 32. f3 f5 33. cxb6 Qxc3 34. Nxc3 h4 35. Rg1 Nxf3 36. bxa7 h3 37. Ba4 Nd2+ 38. Kf2 Nxb1 39. Rxb1 Ra8 40. Nb5 f4 41. Bb3 Rhd8 42. d4 exd4 43. Nc7 Rxa7 44. Ne6 Rd6 45. Nxf4+ Kg5 46. Nd3 Rf6+ 47. Nf4 Rxf4+ 48. Ke2 h2 49. Rg1 hxg1Q 50. Bd1 Qe3# 0-1

[Event "CFriend AC-2005-Q-00006 email"]
[Site "Chessfriend.com"]
[Date "2005.07.22"]
[Round "1"]
[White "Skorna, Ullrich"]
[Black "Traunecker, Thomas"]
[Result "1/2-1/2"]
[WhiteElo "2199"]
[BlackElo "2319"]
[PlyCount "59"]
[EventDate "2005.??.??"]
[EventType "tourn (corr)"]
[EventRounds "6"]
[SourceTitle "Corr 2024"]
[Source "ChessBase"]
[SourceDate "2023.10.19"]
[SourceVersion "1"]
[SourceVersionDate "2023.10.19"]
[SourceQuality "1"]

1. e4 c5 2. a3 e6 3. b4 cxb4 4. axb4 Bxb4 5. Bb2 Nf6 6. e5 Nd5 7. c4 Nc7 8. Ra3 Bxa3 9. Bxa3 d5 10. Qg4 g6 11. Nf3 Bd7 12. h4 Bc6 13. Nc3 dxc4 14. Bxc4 b5 15. Be2 a5 16. Bd6 b4 17. h5 bxc3 18. hxg6 fxg6 19. dxc3 Kd7 20. 0-0 Kc8 21. Nd4 Re8 22. Nxc6 Nxc6 23. Bf3 Qd7 24. Qc4 Nd5 25. Rb1 Kd8 26. Rd1 a4 27. Bxd5 exd5 28. Rxd5 Ra5 29. Bc5 Rxe5 30. Bb6+ 1/2-1/2

[Event "CFriend AC-2005-Q-00006 email"]
[Site "Chessfriend.com"]
[Date "2005.07.22"]
[Round "1"]
[White "Traunecker, Thomas"]
[Black "Luethi, Hansjuerg"]
[Result "1-0"]
[WhiteElo "2319"]
[BlackElo "2031"]
[PlyCount "25"]
[EventDate "2005.??.??"]
[EventType "tourn (corr)"]
[EventRounds "6"]
[SourceTitle "Corr 2024"]
[Source "ChessBase"]
[SourceDate "2023.10.19"]
[SourceVersion "1"]
[SourceVersionDate "2023.10.19"]
[SourceQuality "1"]

1. e4 e5 2. Nf3 Nf6 3. d4 Nxe4 4. Bd3 d5 5. Nxe5 Bd6 6. 0-0 0-0 7. Re1 f6 8. Nf3 f5 9. c4 c6 10. Nc3 Kh8 11. Qb3 Na6 12. cxd5 Nb4 13. Bxe4 1-0

[Event "CFriend AR-2004-F-00002 email"]
[Site "Chessfriend.com"]
[Date "2005.07.08"]
[Round "1"]
[White "Nepustil, Frantisek"]
[Black "Traunecker, Thomas"]
[Result "1-0"]
[WhiteElo "2376"]
[BlackElo "2319"]
[PlyCount "107"]
[EventDate "2005.??.??"]
[EventType "tourn (corr)"]
[EventRounds "6"]
[SourceTitle "Corr 2008"]
[Source "ChessBase"]
[SourceDate "2008.06.24"]
[SourceVersion "1"]
[SourceVersionDate "2008.06.24"]
[SourceQuality "1"]

1. e4 c5 2. d4 cxd4 3. c3 d5 4. exd5 Qxd5 5. cxd4 e5 6. Nc3 Qxd4 7. Bd3 Nc6 8. Nf3 Qd6 9. 0-0 Bg4 10. h3 Bh5 11. Nb5 Qb8 12. g4 a6 13. gxh5 axb5 14. Bxb5 Bd6 15. Qd3 Qc7 16. Re1 Nge7 17. Be3 h6 18. Rad1 Bb4 19. Rf1 0-0 20. a3 Ba5 21. b4 Bb6 22. Bxb6 Qxb6 23. Bc4 Rad8 24. Qe4 Nc8 25. b5 Rd4 26. Nxd4 Nd6 27. Qg2 Nxd4 28. Bd3 Qc5 29. a4 Ra8 30. Kh1 Rxa4 31. Rc1 Qb6 32. Qg3 e4 33. Bxe4 N4xb5 34. Rfe1 Ra8 35. Bd5 Qd8 36. Rg1 Qf6 37. Qg6 Ne8 38. Qxf6 Nxf6 39. Bxb7 Rb8 40. Ba6 Nd4 41. Rc5 Ne6 42. Rf5 Kf8 43. Bc4 Ng5 44. Kh2 Nge4 45. Ra5 Rc8 46. Ba2 Ng5 47. Rb1 Rc2 48. Kg2 Nfe4 49. Rf1 Nd2 50. Ra1 Ke7 51. Ra7+ Kf6 52. Bxf7 Nde4 53. R1a6+ Ke5 54. Re7+ 1-0

[Event "CFriend AR-2004-F-00002 email"]
[Site "Chessfriend.com"]
[Date "2005.07.08"]
[Round "1"]
[White "Siewert, Wolfgang"]
[Black "Traunecker, Thomas"]
[Result "1/2-1/2"]
[WhiteElo "2278"]
[BlackElo "2319"]
[PlyCount "120"]
[EventDate "2005.??.??"]
[EventType "tourn (corr)"]
[EventRounds "6"]
[SourceTitle "Corr 2008"]
[Source "ChessBase"]
[SourceDate "2008.06.24"]
[SourceVersion "1"]
[SourceVersionDate "2008.06.24"]
[SourceQuality "1"]

1. c4 e6 2. g3 Nf6 3. Bg2 d5 4. Nf3 c6 5. Qc2 Nbd7 6. 0-0 Bd6 7. d3 0-0 8. b3 b5 9. Nbd2 e5 10. Bb2 Re8 11. e3 Rb8 12. c5 Bc7 13. b4 a5 14. a3 Nf8 15. e4 d4 16. bxa5 Bxa5 17. a4 Bb4 18. axb5 Rxb5 19. Nc4 Ng6 20. Nd6 Rxc5 21. Qb3 Qxd6 22. Qxb4 Nd7 23. Ra5 Qe7 24. Ba3 Rxa5 25. Qxa5 Qe6 26. Rc1 c5 27. Bxc5 Nxc5 28. Rxc5 Qb3 29. Ne1 Be6 30. Qb5 Rb8 31. Qxb3 Rxb3 32. Kf1 Rb1 33. h4 f6 34. Rc7 h6 35. Ke2 Bg4+ 36. f3 Be6 37. Bf1 Rb2+ 38. Rc2 Rb7 39. Kf2 Kf7 40. Be2 Ke7 41. Rc5 Kd6 42. Ra5 Ne7 43. Ra6+ Nc6 44. f4 Kc5 45. Nf3 Rb2 46. Ke1 Bg4 47. Nd2 Be6 48. f5 Bf7 49. Ra8 Rb8 50. Ra1 Kd6 51. Ra6 Rb2 52. Ra8 Rc2 53. Rf8 Ke7 54. Ra8 Rc1+ 55. Kf2 Kd7 56. g4 Rc2 57. Ke1 Ra2 58. Rxa2 Bxa2 59. Bd1 Nb4 60. Ke2 Kd6 1/2-1/2

[Event "CFriend AR-2004-F-00002 email"]
[Site "Chessfriend.com"]
[Date "2005.07.08"]
[Round "1"]
[White "Traunecker, Thomas"]
[Black "Minchev, Valentin"]
[Result "1/2-1/2"]
[WhiteElo "2319"]
[BlackElo "2418"]
[PlyCount "95"]
[EventDate "2005.??.??"]
[EventType "tourn (corr)"]
[EventRounds "6"]
[SourceTitle "Corr 2024"]
[Source "ChessBase"]
[SourceDate "2023.10.19"]
[SourceVersion "1"]
[SourceVersionDate "2023.10.19"]
[SourceQuality "1"]

1. d4 Nf6 2. c4 e6 3. g3 c5 4. Nf3 cxd4 5. Nxd4 d5 6. Bg2 e5 7. Nf3 e4 8. Nd4 dxc4 9. 0-0 Na6 10. Nc3 Nc5 11. Ndb5 a6 12. Qxd8+ Kxd8 13. Rd1+ Bd7 14. Nd4 Ke8 15. b3 Rc8 16. Bb2 b5 17. b4 Ne6 18. a3 h5 19. Nxe4 Nxe4 20. Bxe4 h4 21. Bc3 hxg3 22. hxg3 Nxd4 23. Rxd4 Rh6 24. Rad1 Bc6 25. Bxc6+ Rhxc6 26. e4 g5 27. Kg2 Re6 28. Rd5 g4 29. e5 Bg7 30. a4 bxa4 31. Ra1 Rd8 32. Rc5 Rd3 33. Rc8+ Kd7 34. Rxc4 a3 35. Rxa3 Bxe5 36. Bb2 Rxa3 37. Bxa3 Rg6 38. Rc5 Bc7 39. Rc4 Bd6 40. Bc1 Bf8 41. Be3 f5 42. Bc5 Bg7 43. Rc1 Be5 44. Re1 Re6 45. Rd1+ Kc6 46. Re1 Kd5 47. Rd1+ Kc4 48. Re1 1/2-1/2